000 00321nam a2200121Ia 4500
008 220217s9999||||xx |||||||||||||| ||und||
082 _a894.814 3 SOM
100 _aSomanathananda
245 0 _aNagegara sri ramakrishna
260 _aSri Ramakrishna Ashrama
_bMysore
_c2000
300 _b18
650 _aGENERAL BOOKS
999 _c172951
_d172951